Business communication / (Record no. 101928)
[ view plain ]
| 000 -LEADER | |
|---|---|
| fixed length control field | 01144nam a22002897a 4500 |
| 008 - FIXED-LENGTH DATA ELEMENTS--GENERAL INFORMATION | |
| fixed length control field | 160808b xxu||||| |||| 00| 0 eng d |
| 010 ## - LCCN (DPL NO) | |
| LC control number | 1617EN ENG-116931 |
| 020 ## - INTERNATIONAL STANDARD BOOK NUMBER | |
| International Standard Book Number | 9780198077053 |
| Terms of availability | 550.00 |
| 020 ## - INTERNATIONAL STANDARD BOOK NUMBER | |
| International Standard Book Number | 9780198077053 |
| Terms of availability | 599.00 (AV) |
| 035 ## - SYSTEM CONTROL NUMBER | |
| System control number | B-651304-310 |
| 035 ## - SYSTEM CONTROL NUMBER | |
| System control number | EN-100463 |
| 035 ## - SYSTEM CONTROL NUMBER | |
| System control number | B-667814 |
| 037 ## - SOURCE OF ACQUISITION | |
| Stock number | dpl |
| Source of stock number/acquisition | Pragati |
| 037 ## - SOURCE OF ACQUISITION | |
| Source of stock number/acquisition | DBAD/PUB |
| 082 ## - DEWEY DECIMAL CLASSIFICATION NUMBER | |
| Classification number | 658.45 |
| 100 ## - MAIN ENTRY--PERSONAL NAME | |
| Personal name | Raman,Meenakshi |
| 245 ## - TITLE STATEMENT | |
| Title | Business communication / |
| Statement of responsibility, etc | by Meenakshi Raman and Prakash Singh |
| 250 ## - EDITION STATEMENT | |
| Edition statement | 2nd ed. |
| 260 ## - PUBLICATION, DISTRIBUTION, ETC. (IMPRINT) | |
| Place of publication, distribution, etc | New Delhi |
| Name of publisher, distributor, etc | Oxford University Press |
| Date of publication, distribution, etc | 2016(rpt) |
| 270 ## - ADDRESS | |
| Address | YMCA Building, 1 Jai Singh Road |
| City | New Delhi |
| Postal code | 110001 |
| 300 ## - PHYSICAL DESCRIPTION | |
| Extent | xvi, 498 p. |
| Dimensions | 24cm |
| Other physical details | illus. |
| 500 ## - GENERAL NOTE | |
| General note | Includes index |
| 700 ## - ADDED ENTRY--PERSONAL NAME | |
| Personal name | Singh, Prakash |
| 942 ## - ADDED ENTRY ELEMENTS (KOHA) | |
| Source of classification or shelving scheme | Dewey Decimal Classification |
| Item type | English Books |
| Classification part | 658.45 |
| Call number suffix | RAM |
| Withdrawn status | Lost status | Source of classification or shelving scheme | Damaged status | Not for loan | Collection code | Home library | Current library | Date acquired | Source of acquisition | Cost, normal purchase price | Total Checkouts | Full call number | Barcode | Date last seen | Copy number | Cost, replacement price | Koha item type | Total Renewals | Checked out |
|---|---|---|---|---|---|---|---|---|---|---|---|---|---|---|---|---|---|---|---|
| Dewey Decimal Classification | Non-fiction | Ashok Vihar | Ashok Vihar | 10/08/2017 | BPPD/EN/2016-17/300/24.11.2016/IN339/02.12.2016/4.01.17 | 599.00 | 7 | 658.45 RAM | B-667814 | 25/03/2025 | 1 | 599.00 | English Books | ||||||
| Dewey Decimal Classification | Not For Loan | Non-fiction | D.B.Act.Division | Bawana | 26/12/2016 | DBAD/PUB | 550.00 | 651.7 RAM | EN-100463 | 26/12/2016 | 1 | 550.00 | English Books | ||||||
| Dewey Decimal Classification | Non-fiction | Bawana | Bawana | 07/02/2017 | BPPD/EN/2016-17/300/24.11.2016/IN339/2.12.2016/4.1.2017 | 550.00 | 11 | 658.45 RAM | B-651309 | 06/11/2024 | 1 | 550.00 | English Books | 8 | |||||
| Dewey Decimal Classification | Non-fiction | Central Library | Central Library | 07/02/2017 | BPPD/EN/2016-17/300/24.11.2016/IN339/2.12.2016/4.1.2017 | 550.00 | 26 | 658.45 RAM | B-651304 | 12/05/2026 | 1 | 550.00 | English Books | 8 | |||||
| Dewey Decimal Classification | Non-fiction | Janak Puri | Janak Puri | 07/02/2017 | BPPD/EN/2016-17/300/24.11.2016/IN339/2.12.2016/4.1.2017 | 550.00 | 11 | 658.45 RAM | B-651307 | 05/12/2024 | 1 | 550.00 | English Books | 2 | |||||
| Dewey Decimal Classification | Non-fiction | New Police Line | New Police Line | 07/02/2017 | BPPD/EN/2016-17/300/24.11.2016/IN339/2.12.2016/4.1.2017 | 550.00 | 658.45 RAM | B-651305 | 07/02/2017 | 1 | 550.00 | English Books | |||||||
| Dewey Decimal Classification | Non-fiction | Patel Nagar | Patel Nagar | 07/02/2017 | BPPD/EN/2016-17/300/24.11.2016/IN339/2.12.2016/4.1.2017 | 550.00 | 2 | 658.45 RAM | B-651306 | 25/04/2019 | 1 | 550.00 | English Books | ||||||
| Dewey Decimal Classification | Non-fiction | Sarojini Nagar | Sarojini Nagar | 07/02/2017 | BPPD/EN/2016-17/300/24.11.2016/IN339/2.12.2016/4.1.2017 | 550.00 | 7 | 658.45 RAM | B-651308 | 14/12/2023 | 1 | 550.00 | English Books | 6 | 09/01/2024 | ||||
| Dewey Decimal Classification | Non-fiction | Shahdara Branch | Shahdara Branch | 07/02/2017 | BPPD/EN/2016-17/300/24.11.2016/IN339/2.12.2016/4.1.2017 | 550.00 | 15 | 658.45 RAM | B-651310 | 01/02/2025 | 1 | 550.00 | English Books | 9 |
